| 000 | 00977cam a22003017a 4500 | ||
|---|---|---|---|
| 003 | CHAP | ||
| 005 | 20220329140848.0 | ||
| 008 | 971013s1964 r 00010 d | ||
| 010 | _a58843 | ||
| 011 | _a59815 | ||
| 035 | _a63975 | ||
| 040 | _cCHAP | ||
| 082 |
_a595.71 _bT8 |
||
| 100 | 0 | 0 |
_aTuxen, S. L. _9115710 |
| 245 | 1 | 4 |
_aThe protura _b: a revision of the species of the world with keys for determination |
| 260 |
_aParis : _bHermann, _c1964 |
||
| 300 |
_a360 p. _b: ilus. |
||
| 490 | 0 |
_aActualités scientifiques et industrielles _v; 1311 |
|
| 590 |
_aBATCH-UPD _b10 _c20130110 _lUCH01 _h0525 |
||
| 590 |
_aBATCH-UPD _b10 _c20130410 _lUCH01 _h0205 |
||
| 590 |
_aBATCH-UPD _b10 _c20130913 _lUCH01 _h1924 |
||
| 590 |
_aCONVERSION _b10 _c20130109 _lUCH01 _h1332 |
||
| 650 | 1 | 4 |
_aProtura. _992476 |
| 830 | 0 |
_aActualités scientifiques et industrielles _v; 1311 _9748 |
|
| 901 | _aBK | ||
| 942 | _cLIBRO | ||
| 949 |
_a595.71 T8 _bBC _cLIBRO _d33724000370227 _eLIBRO _h15523 _i63975 _si |
||
| 999 |
_c58843 _d58843 |
||